00000000nam 2200000zi 4500
0019.932040
003CaOODSP
00520241120150030
006m     o  d f      
007cr |n|||||||||
008231229e197304##qucdab  ob   f|0| 0 fre d
040 |aCaOODSP|bfre|erda|cCaOODSP
043 |an-cn-qu
0861 |aCW66-1495/1973F-PDF
1001 |aBourget, André, |eauteur.
24510|aÉtudes à la baie James, Québec 1972 / |cpar André Bourget.
264 1|a[Sainte-Foy, Québec] : |bService canadien de la faune, Ministère de l'Environnement, |cavril 1973.
300 |a1 ressource en ligne (viii, 92 pages) : |bcartes, graphiques, illustrations
336 |atexte|btxt|2rdacontent/fre
337 |ainformatique|bc|2rdamedia/fre
338 |aressource en ligne|bcr|2rdacarrier/fre
500 |aÉdition numérisée de l’imprimé [par Environnement et changement climatique Canada].
504 |aComprend des références bibliographiques (pages 69-70).
650 6|aOiseaux aquatiques|zJames, Région de la baie.
650 6|aCentrales hydroélectriques|xAspect de l'environnement|zJames, Région de la baie.
650 0|aWater birds|zJames Bay Region.
650 0|aHydroelectric power plants|xEnvironmental aspects|zJames Bay Region.
7102 |aService canadien de la faune, |eorganisme de publication.
85640|qPDF|s2.94 Mo|uhttps://publications.gc.ca/collections/collection_2024/eccc/cw66/CW66-1495-1973-fra.pdf